Legislación española sobre la correspondencia en materia civil y comercial / (Record no. 151859)

MARC details
000 -LEADER
campo de control de longitud fija 00700nam a2200181 i 4500
001 - NÚMERO DE CONTROL
campo de control 151859
003 - IDENTIFICADOR DE NÚMERO DE CONTROL
campo de control ES-MaACL
005 - FECHA Y HORA DE LA ÚLTIMA TRANSACCIÓN
campo de control 20250717033500.0
008 - DATOS DE LONGITUD FIJA--INFORMACIÓN GENERAL
campo de control de longitud fija 030228s1898 sp |||| | spa d
040 ## - FUENTE DE CATALOGACIÓN
Centro catalogador/agencia de origen CCPB | B
Lengua de catalogación spa
Centro/agencia transcriptor CCPB | B
100 1# - ENTRADA PRINCIPAL--NOMBRE DE PERSONA
Nombre de persona Benito y Endara, Lorenzo,
Fechas asociadas al nombre 1855-1932
9 (RLIN) 27698
245 10 - MENCIÓN DEL TÍTULO
Título Legislación española sobre la correspondencia en materia civil y comercial /
Mención de responsabilidad, etc. por Lorenzo Benito.
260 ## - PUBLICACIÓN, DISTRIBUCIÓN, ETC.
Lugar de publicación, distribución, etc. Madrid :
Nombre del editor, distribuidor, etc. Hijos de Reus, editores,
Fecha de publicación, distribución, etc. 1898.
300 ## - DESCRIPCIÓN FÍSICA
Extensión 69 p. ;
Dimensiones 22 cm.
650 #0 - PUNTO DE ACCESO ADICIONAL DE MATERIA--TÉRMINO DE MATERIA
Término de materia o nombre geográfico como elemento de entrada Correos-
Subdivisión general Derecho y legislación
9 (RLIN) 241310
852 ## - LOCALIZACIÓN
Ubicación ES-MaACL
Número de control de estantería T-796-F-3
Nota libre -- Enc. hol., conservando la cub. original
-- -- Enc. en un vol. facticio
Holdings
Estatus retirado Estado de pérdida Estado de daño No para préstamo Colección Biblioteca de origen Biblioteca actual Ubicación en estantería Fecha de adquisición Total de préstamos Signatura topográfica completa Código de barras Visto por última vez Precio de reemplazo Tipo de ítem Koha
        Colección de folletos Biblioteca del Ateneo de Madrid Biblioteca del Ateneo de Madrid Depósito folletos 17/01/2008   T-796-F-3 1158501 23/02/2023 23/02/2023 Folleto